Dilemmas of regional policy in the European Union
| Titel: | Dilemmas of regional policy in the European Union / ed. by Marek Koter ... |
|---|---|
| Beteiligt: | |
| Veröffentlicht: | Łódź [u.a.] : University of Łódź [u.a.], 2007 |
| Umfang: | 171 S. : Ill., graph. Darst., Kt. |
| Format: | Buch |
| Sprache: | Englisch |
| Schriftenreihe/ mehrbändiges Werk: |
Regions in the process of European integration / ed. by Krystian Heffner ... ; 2 alle Bände anzeigen
Region and regionalism ; 8,2 |
| ISBN: | 9788371262319 ; 9788386762378 |
| Hinweise zum Inhalt: |
Inhaltsverzeichnis
|
alg: 20569799
001A $03004:23-10-08
001B $01999:03-06-23 $t03:44:06.000
001C $03004:23-10-08 $t10:44:51.000
001D $03004:23-10-08
001U $0utf8
001X $00
002@ $0AFu
003@ $0205697992
003O $0612543698 $aOCoLC
004A $A978-83-7126-231-9
004A $A978-83-86762-37-8
007A $0205697992 $aHEB
007G $0DE020953DFAD49E181863C1257AAA0052ED69
007T $0Herdhh205697909+12=Bd. 2
009P $qapplication/pdf $A2 $3Inhaltsverzeichnis $uhttp://scans.hebis.de/HEBCGI/show.pl?20569799_toc.pdf $mV:DE-603;B:DE-Mb50
010@ $aeng
011@ $a2007
021A $aDilemmas of regional policy in the European Union $hed. by Marek Koter ...
028C $BHrsg. $7 $8Koter, Marek [Tnx] $9165265787
033A $pŁódź {[u.a.] $nUniversity of Łódź {[u.a.]
034D $a171 S.
034M $aIll., graph. Darst., Kt.
036C $aRegions in the process of European integration $x12 $hed. by Krystian Heffner ... $l2
036D $x12 $8Regions in the process of European integration / ed. by Krystian Heffner ... $9205697909
036E $aRegion and regionalism $l8,2
036F $x18 12 $8Region and regionalism $9049299786 $l8,2
045F $a305.8009438 $eDDC23BSB
045F/01 $a305.8009
045F/03 $g438
045F/03 $g4371
045F/03 $g43832
045G $a910.9496 $eDDC23BSB
045G/01 $a910
045G/03 $g496
046M $aLiteraturang.
lok: 20569799 24
101B $004-02-09 $t14:30:48.000
101C $004-02-09
101U $0utf8
145Z/01 $a32 3 D
145Z/02 $a23 3 C
145Z/03 $a53 2 G
145Z/04 $a6 3 C
exp: 20569799 24 1 #EPN
201B/01 $004-02-09 $t14:30:48.000
201C/01 $023-10-08
201U/01 $0utf8
203@/01 $055980279X
208@/01 $a23-10-08 $bz
209A/01 $a08.4846 $du $f050 $h08 4846 $x00
209C/01 $a08.4846 T $h08 4846 T
209G/01 $a72069463 $x00
220C/01 $ajwa
247C/01 $8358050-7 Marburg, Bibliothek des Herder-Instituts Marburg $9102600961
lok: 20569799 78
exp: 20569799 78 1 #EPN
201B/01 $012-06-18 $t09:19:28.000
201U/01 $0utf8
203@/01 $0792627571
208@/01 $a12-11-16 $be
209A/01 $a/ $f000 $x00
209S/01 $uhttp://geopol.geo.uni.lodz.pl/uploads/files/region-and-regionalism/R-and-R-8-2.pdf $XH
244Z/01 $2Trx $#dzieło zbiorowe $8--Trx--Sammelwerk $x01 $9391384597
247C/01 $82080>Marburg/Lahn, Herder-Institut, Forschungsbibliothek, Bibliographieportal $9336309341
| LEADER | 00000cam a2200000 cb4500 | ||
|---|---|---|---|
| 001 | 205697992 | ||
| 003 | DE-603 | ||
| 005 | 20230603034406.0 | ||
| 007 | tu | ||
| 008 | 081023s2007 xx |||| | u00||u|eng c | ||
| 020 | |a 9788371262319 | ||
| 020 | |a 9788386762378 | ||
| 035 | |a (DE-599)HEB205697992 | ||
| 035 | |a (OCoLC)612543698 | ||
| 040 | |a DE-603 |b ger |c DE-603 |d DE-603 | ||
| 041 | |a eng | ||
| 082 | 0 | 4 | |8 1\u |a 305.8009438 |q DE-101 |2 23/BSB |
| 083 | 0 | |8 2\u |a 910.9496 |q DE-101 |2 23/BSB | |
| 085 | |8 1\u |b 305.8009 | ||
| 085 | |8 1\u |z 2 |s 438 | ||
| 085 | |8 1\u |z 2 |s 4371 | ||
| 085 | |8 1\u |z 2 |s 43832 | ||
| 085 | |8 2\u |b 910 | ||
| 085 | |8 2\u |z 2 |s 496 | ||
| 245 | 0 | 0 | |a Dilemmas of regional policy in the European Union |c ed. by Marek Koter ... |
| 264 | 1 | |a Łódź [u.a.] |b University of Łódź [u.a.] |c 2007 | |
| 300 | |a 171 S. |b Ill., graph. Darst., Kt. | ||
| 490 | 1 | |a Regions in the process of European integration / ed. by Krystian Heffner ... |v 2 | |
| 490 | 1 | |a Region and regionalism |v 8,2 | |
| 504 | |a Literaturang. | ||
| 700 | 1 | |a Koter, Marek |e Hrsg. |4 edt |0 (DE-603)165265787 | |
| 830 | 0 | |a Regions in the process of European integration |v 2 |w (DE-603)205697909 |9 12 |7 am | |
| 830 | 0 | |t Region and regionalism |v 8,2 |w (DE-603)049299786 |9 18 12 |7 as | |
| 856 | 4 | 2 | |m V:DE-603;B:DE-Mb50 |q application/pdf |u http://scans.hebis.de/HEBCGI/show.pl?20569799_toc.pdf |3 Inhaltsverzeichnis |
| 924 | 0 | |9 Mb 50 |a (DE-603)55980279X |b DE-Mb50 |c HES |d c |g 08.4846 | |
| 924 | 0 | |9 2080 |a (DE-603)792627571 |b DE-2080 |c HES |d d |g / |k http://geopol.geo.uni.lodz.pl/uploads/files/region-and-regionalism/R-and-R-8-2.pdf | |
alle Bände anzeigen

